| 000 | 01419nac a22003737a 4500 | ||
|---|---|---|---|
| 001 | BR8200757 | ||
| 003 | BR-BrBNA | ||
| 005 | 20240105115232.0 | ||
| 008 | 230509b bl.|||m| |||| 00| 0 por d | ||
| 040 |
_aBR-BrBNA _bpor _cBiblioteca Nacional de Agricultura |
||
| 072 | _aF30; H20 | ||
| 090 | _a0180 BR8200757 | ||
| 100 | 1 | _aBassoi, M.C. | |
| 100 | 1 | _aFranco, F. de A. | |
| 100 | 1 | _aAcosta, L.H.A. | |
| 100 | 1 | _aOliveira, M.A.R. de | |
| 110 | 1 |
_aOrganizacao das Cooperativas do Estado do Parana, Cascavel (Brasil) _97725 |
|
| 245 | 1 | _a"Jandaia" (OCEPAR 73124), nova cultura de trigo para o Norte do Parana-1981 [Triticum spp; Teste de progenie; Comportamento de variedade; Doenca de planta; Fungo; Brasil] | |
| 246 | 1 | _a["Jandaia" (OCEPAR 73124), a new wheat cultivar for the North of Parana-1981 [Triticum ssp; Progeny test; Variety behaviour; Plant disease; Fungus; Brazil]] | |
| 260 | 3 |
_aCascavel, PR (Brasil): _c1981. |
|
| 300 | _a6 p. | ||
| 490 |
_aInforme Tecnico - Organizacao das Cooperativas do Estado do Parana (Brazil) _vv. 2(1) _x |
||
| 650 | _aMelhoramento genetico vegetal | ||
| 650 | _aDoenca de planta | ||
| 650 | _aTrigo | ||
| 650 | _aFungo | ||
| 650 | _aTeste de progenie | ||
| 650 | _aComportamento de variedade | ||
| 650 | _aVariedade resistente | ||
| 650 | _aLinhagem | ||
| 650 | _aParana | ||
| 909 |
_a202312 _bLúcia Elande _c55 _dLúcia Elande |
||
| 942 |
_2AGRIS _n0 _cMS |
||
| 999 |
_c273803 _d273803 |
||